|
|
|
|
| LEADER |
01483cas a2200241 a 4500 |
| 001 |
AALejournalIMF003182 |
| 008 |
230101c9999 xx r poo 0 0eng d |
| 020 |
|
|
|c 5.00 USD
|
| 020 |
|
|
|z 9781451804492
|
| 022 |
|
|
|a 1934-7685
|
| 040 |
|
|
|a BD-DhAAL
|c BD-DhAAL
|
| 110 |
2 |
|
|a International Monetary Fund.
|
| 245 |
1 |
0 |
|a Bulgaria :
|b Request for Stand-By Arrangement.
|
| 264 |
|
1 |
|a Washington, D.C. :
|b International Monetary Fund,
|c 2004.
|
| 300 |
|
|
|a 1 online resource (84 pages)
|
| 490 |
1 |
|
|a IMF Staff Country Reports
|
| 500 |
|
|
|a <strong>Off-Campus Access:</strong> No User ID or Password Required
|
| 500 |
|
|
|a <strong>On-Campus Access:</strong> No User ID or Password Required
|
| 506 |
|
|
|a Electronic access restricted to authorized BRAC University faculty, staff and students
|
| 520 |
3 |
|
|a Bulgaria's request for a 25-month precautionary Stand-By Arrangement (SBA) in an amount of SDR 100 million or 15.62 percent of quota is discussed. The SBA-supported program seeks to reduce increased external vulnerability and to achieve sustainable high growth through a tighter fiscal policy and measures to drain bank liquidity to reduce excess demand in the short term and structural reforms to boost output and export capacity in the medium term.
|
| 538 |
|
|
|a Mode of access: Internet
|
| 830 |
|
0 |
|a IMF Staff Country Reports; Country Report ;
|v No. 2004/267
|
| 856 |
4 |
0 |
|z Full text available on IMF
|u http://elibrary.imf.org/view/journals/002/2004/267/002.2004.issue-267-en.xml
|z IMF e-Library
|